[Event "Yuzhny op"]
[Site "Yuzhny"]
[Date "2011.09.03"]
[Round "1"]
[White "Feduk, Ivanna"]
[Black "Andrenko, Irina"]
[Result "0-1"]
[WhiteElo "1866"]
[BlackElo "2231"]
[PlyCount "86"]
[EventDate "2011.09.03"]
[EventType "swiss"]
[EventRounds "9"]
[EventCountry "UKR"]
[SourceTitle "CBM 144 Extra"]
[Source "ChessBase"]
[SourceDate "2011.10.28"]
[SourceVersion "1"]
[SourceVersionDate "2011.10.28"]
[SourceQuality "1"]

1. e4 g6 2. Nc3 Bg7 3. f4 c6 4. Bc4 d5 5. exd5 b5 6. Bb3 b4 7. Nce2 cxd5 8. Ba4+ Bd7 9. Bxd7+ Nxd7 10. Nf3 Qb6 11. d4 Ngf6 12. Ne5 0-0 13. 0-0 Nxe5 14. fxe5 Ne4 15. Kh1 f6 16. Bf4 fxe5 17. dxe5 Nf2+ 18. Rxf2 Qxf2 19. Qxd5+ Kh8 20. Qf3 Qc5 21. Qe4 Rad8 22. h3 a5 23. c3 bxc3 24. bxc3 Qd5 25. Qe3 Rc8 26. Rb1 Qxa2 27. Rb7 Rfe8 28. Kh2 Qd5 29. Ra7 Qc5 30. Qxc5 Rxc5 31. e6 g5 32. Bg3 Bf6 33. c4 Rxc4 34. Rxa5 Re4 35. Ng1 Rxe6 36. Nf3 h6 37. h4 gxh4 38. Bxh4 Bxh4 39. Nxh4 Rg8 40. Rh5 Rg5 41. Rxg5 hxg5 42. Nf3 g4 43. Ng5 Re3 0-1

[Event "Paleochora op 4th"]
[Site "Paleochora"]
[Date "2011.07.20"]
[Round "1"]
[White "Feduk, Ivanna"]
[Black "Zinchenko, Yaroslav"]
[Result "0-1"]
[WhiteElo "1874"]
[BlackElo "2543"]
[PlyCount "60"]
[EventDate "2011.07.20"]
[EventType "swiss"]
[EventRounds "9"]
[EventCountry "GRE"]
[SourceTitle "CBM 143 Extra"]
[Source "ChessBase"]
[SourceDate "2011.08.29"]
[SourceVersion "1"]
[SourceVersionDate "2011.08.29"]
[SourceQuality "1"]

1. e4 Nf6 2. e5 Nd5 3. d4 d6 4. f4 dxe5 5. fxe5 Bf5 6. Bd3 Bxd3 7. Qxd3 Nb4 8. Qd1 Qxd4 9. Qe2 N8c6 10. Nf3 Qc5 11. Nc3 e6 12. a3 Nd5 13. Ne4 Nd4 14. Nxc5 Nxe2 15. Kxe2 Bxc5 16. c4 Nb6 17. b3 a5 18. a4 Nd7 19. Be3 Bxe3 20. Kxe3 Nc5 21. Nd4 Rd8 22. Rad1 Ke7 23. Rhf1 Rd7 24. Rf4 Nxb3 25. Rb1 Nxd4 26. Rxd4 Rxd4 27. Kxd4 b6 28. Rb5 Rd8+ 29. Kc3 Rd1 30. Rb2 Ra1 0-1

[Event "UKR-ch U18 Girls"]
[Site "Kiev"]
[Date "2010.01.28"]
[Round "4"]
[White "Feduk, Ivanna"]
[Black "Ivanenko, Olga I"]
[Result "0-1"]
[WhiteElo "1941"]
[BlackElo "2066"]
[PlyCount "82"]
[EventDate "2010.01.26"]
[EventType "swiss"]
[EventRounds "11"]
[EventCountry "UKR"]
[SourceTitle "CBM 134 Extra"]
[Source "ChessBase"]
[SourceDate "2010.03.03"]
[SourceVersion "1"]
[SourceVersionDate "2010.03.03"]
[SourceQuality "1"]

1. e4 c5 2. b4 cxb4 3. a3 Qa5 4. Bb2 Nc6 5. Nf3 Nf6 6. Bd3 e6 7. 0-0 Qh5 8. h3 a6 9. Qe2 Be7 10. axb4 Nxb4 11. Na3 Nxd3 12. Qxd3 d5 13. exd5 Qxd5 14. Qxd5 Nxd5 15. Bxg7 Rg8 16. Be5 f6 17. Bg3 e5 18. Rfe1 Kf7 19. Nc4 b5 20. Na5 Nb4 21. Rec1 Bf5 22. c4 Nd3 23. Rc3 Bb4 24. Rb3 Rac8 25. cxb5 axb5 26. Nb7 Ra8 27. Rab1 Ra4 28. Ne1 Nxe1 29. Rxe1 Rb8 30. Bxe5 Rxb7 31. Rf3 fxe5 32. Rxf5+ Kg6 33. Rfxe5 Bxd2 34. Rb1 b4 35. Rd5 Bc3 36. Rc5 Ra1 37. Rxa1 Bxa1 38. Rc1 Bf6 39. Kf1 b3 40. Ke2 b2 41. Rb1 Ra7 0-1

[Event "UKR-ch (Women)"]
[Site "Evpatoria"]
[Date "2009.05.30"]
[Round "8"]
[White "Feduk, Ivanna"]
[Black "Bezkorovaina, Marija"]
[Result "0-1"]
[WhiteElo "1962"]
[BlackElo "1875"]
[PlyCount "70"]
[EventDate "2009.05.23"]
[EventType "swiss"]
[EventRounds "9"]
[EventCountry "UKR"]
[SourceTitle "CBM 130 Extra"]
[Source "ChessBase"]
[SourceDate "2009.07.02"]
[SourceVersion "2"]
[SourceVersionDate "2009.07.15"]
[SourceQuality "1"]

1. e4 c5 2. Nc3 d6 3. f4 g6 4. Bc4 Bg7 5. f5 e6 6. fxg6 fxg6 7. d3 Ne7 8. Bg5 0-0 9. Qd2 Nbc6 10. Nf3 a6 11. a4 Nd4 12. Ne2 Nxe2 13. Kxe2 Bxb2 14. Rab1 Bg7 15. h4 d5 16. exd5 exd5 17. Ba2 Qd6 18. Kd1 Nc6 19. h5 Nb4 20. Bb3 Bg4 21. Re1 Qg3 22. Be7 Rxf3 23. gxf3 Bxf3+ 24. Kc1 Bh6 25. Re3 Qg1+ 26. Kb2 Qxe3 27. Qxe3 Bxe3 28. hxg6 hxg6 29. c3 Nxd3+ 30. Kc2 c4 31. Rf1 Be2 32. Rh1 cxb3+ 33. Kxb3 Nc5+ 34. Kb2 Re8 35. Bf6 Kf7 0-1